Los templos del antiguo Egipto / (Record no. 47704)

MARC details
000 -LEADER
campo de control de longitud fija 00632nam a2200229 i 4500
001 - NÚMERO DE CONTROL
campo de control 47704
003 - IDENTIFICADOR DE NÚMERO DE CONTROL
campo de control ES-MaACL
005 - FECHA Y HORA DE LA ÚLTIMA TRANSACCIÓN
campo de control 20230906161620.0
007 - CAMPO FIJO DE DESCRIPCIÓN FÍSICA--INFORMACIÓN GENERAL
campo de control de longitud fija t|
008 - DATOS DE LONGITUD FIJA--INFORMACIÓN GENERAL
campo de control de longitud fija 030520s2002 sp ||||1| spa d
020 ## - NÚMERO INTERNACIONAL ESTÁNDAR DEL LIBRO
Número Internacional Estándar del Libro 84-233-3417-1
080 ## - NÚMERO DE LA CLASIFICACIÓN DECIMAL UNIVERSAL
Número de la Clasificación Decimal Universal 726.1.032.2
080 ## - NÚMERO DE LA CLASIFICACIÓN DECIMAL UNIVERSAL
Número de la Clasificación Decimal Universal 930.85(32)
100 1# - ENTRADA PRINCIPAL--NOMBRE DE PERSONA
Nombre de persona Wilkinson, Richard H.
9 (RLIN) 116870
245 14 - MENCIÓN DEL TÍTULO
Título Los templos del antiguo Egipto /
Mención de responsabilidad, etc. Richard H. Wilkinson.
250 ## - MENCION DE EDICION
Mención de edición 1ª ed.
260 ## - PUBLICACIÓN, DISTRIBUCIÓN, ETC.
Lugar de publicación, distribución, etc. Barcelona :
Nombre del editor, distribuidor, etc. Destino,
Fecha de publicación, distribución, etc. 2002.
300 ## - DESCRIPCIÓN FÍSICA
Extensión 255 p. ;
Dimensiones 26 cm.
650 14 - PUNTO DE ACCESO ADICIONAL DE MATERIA--TÉRMINO DE MATERIA
Término de materia o nombre geográfico como elemento de entrada Templos egipcios.
9 (RLIN) 17454
651 #4 - PUNTO DE ACCESO ADICIONAL DE MATERIA--NOMBRE GEOGRÁFICO
Nombre geográfico Egipto-
Subdivisión general Civilización.
9 (RLIN) 8138
852 ## - LOCALIZACIÓN
Ubicación ES-MaACL
Número de control de estantería L-26295
Sublocalización o colección R.132126
Holdings
Estatus retirado Estado de pérdida Estado de daño No para préstamo Biblioteca de origen Biblioteca actual Ubicación en estantería Fecha de adquisición Fuente de adquisición Total de préstamos Signatura topográfica completa Código de barras Visto por última vez Precio de reemplazo Tipo de ítem Koha
        Biblioteca del Ateneo de Madrid Biblioteca del Ateneo de Madrid Depósito 2 17/01/2008     L-26295 1050196 23/02/2023 23/02/2023 Libro impreso